| 000 | 00401nam a22001697a 4500 | ||
|---|---|---|---|
| 005 | 20180625121847.0 | ||
| 008 | 160701b xxu||||| |||| 00| 0 eng d | ||
| 020 | _a978-81-265-2975-9 | ||
| 041 | _aeng | ||
| 082 |
_b20198 _a658 |
||
| 100 |
_aMeed Richard & andrews _93346 |
||
| 245 | _aInternational Management | ||
| 260 |
_bWiley _c2011 |
||
| 300 | _a442 | ||
| 650 |
_aManagement _9241 |
||
| 942 | _cBK | ||
| 999 |
_c5002 _d5000 |
||